University Ranking (2023) - Statistics

General Stats
  • This quiz has been taken 28 times
  • The average score is 17 of 200
Answer Stats
Hint Answer % Correct
Harvard University
92%
University of Oxford
79%
Joint Stanford University
58%
Joint University Cambridge
54%
UCL
50%
University of California
46%
Princeton University
38%
Yale University
38%
Cornell University
29%
Massachusetts Institute of Technology
29%
New York University
29%
University of Pennsylvania
29%
University of Toronto
29%
Boston University
25%
Brown University
25%
Columbia University
25%
University of Chicago
25%
California Institute of Technology
21%
Duke University
21%
Georgetown University
21%
McGill University
21%
Northwestern University
21%
University of California, Los Angeles
21%
University of Southern California
21%
University of Washington
21%
Dartmouth College
17%
Imperial College London
17%
Johns Hopkins University
17%
King's College London
17%
Northeastern University
17%
Joint Penn State
17%
The University of Melbourne
17%
University of Arizona
17%
University of California, Davis
17%
University of California, San Diego
17%
University of California, Santa Barbara
17%
University of Hong Kong
17%
University of Manchester
17%
University of Melbourne
17%
University of North Carolina
17%
University of Warwick
17%
Washington University
17%
Arizona State University
13%
Michigan State University
13%
Ohio State University
13%
Peking University
13%
Rice University
13%
Tsinghua University
13%
University of Bristol
13%
University of British Columbia
13%
University of California, Irvine
13%
University of Edinburgh
13%
Joint University of Florida
13%
University of Glasgow
13%
University of Illinois
13%
University of Southampton
13%
University of Wisconsin-Madison
13%
University of York
13%
Vanderbilt University
13%
Australian National University
8%
Joint City University of Hong Kong
8%
Durham University
8%
Emory University
8%
ETH Zurich
8%
Fudan University
8%
Indiana University
8%
Korea Advanced Institute of Science and Technology
8%
National University of Singapore
8%
Seoul National University
8%
Shanghai Jiao Tong University
8%
Sorbonne University
8%
The Chinese University of Hong Kong
8%
The University of Queensland
8%
The University of Tokyo
8%
The University of Western Australia
8%
Joint Tufts University
8%
University of Adelaide
8%
University of Amsterdam
8%
University of Auckland
8%
University of Birmingham
8%
University of Exeter
8%
University of Liverpool
8%
University of Maryland, College Park
8%
University of Miami
8%
University of Michigan-Ann Arbor
8%
University of Nottingham
8%
University of Pittsburgh
8%
University of Sheffield
8%
University of Virginia
8%
Aarhus University
4%
Carnegie Mellon University
4%
Case Western Reserve University
4%
Georgia Institute of Technology
4%
Humboldt University
4%
KTH Royal Institute of Technology
4%
Kyoto University
4%
Leiden University
4%
LMU Munich
4%
McMaster University
4%
Monash University
4%
Nanjing University
4%
National Taiwan University
4%
Queen's University Belfast
4%
Texas A&M University
4%
Trinity College Dublin
4%
University of Alberta
4%
University of Barcelona
4%
University of Bern
4%
University of California, Santa Cruz
4%
University of Cologne
4%
University of Colorado Boulder
4%
University of Hamburg
4%
University of Leeds
4%
University of Leicester
4%
University of Minnesota
4%
University of Montreal
4%
University of Ottawa
4%
University of Rochester
4%
University of Technology Sydney
4%
University of Zurich
4%
Zhejiang University
4%
Autonomous University of Barcelona
0%
Cardiff University
0%
Charite
0%
Delft University of Technology
0%
Ecole Polytechnique Federale de Lausanne
0%
Erasmus University Rotterdam
0%
Free University of Berlin
0%
Friedrich Schiller University Jena
0%
Ghent University
0%
Huazhong University of Science and Technology
0%
Institut Polytechnique de Paris
0%
Karlsruhe Institute of Technology
0%
Karolinska Institute
0%
King Abdulaziz University
0%
KU Leuven
0%
Lancaster University
0%
London School of Economics and Political Science
0%
Lund University
0%
Macquarie University
0%
Masstricht University
0%
Medical University of Graz
0%
Medical University of Vienna
0%
Nanyang Technlogical University, Singapore
0%
Newcastle University
0%
Paris Sciences et Lettres
0%
Pohang University of Science and Technology
0%
Pompeu Fabra University
0%
Purdue University West Lafayette
0%
Queen Mary Institute of London
0%
Radboud University Nijmegen
0%
Joint RWTH Aachen University
0%
Scuola Normale Superiore di Pisa
0%
Sichuan University
0%
Southern University for Science and Technology
0%
Stockholm University
0%
Sungkyunkwan University
0%
Technical University of Berlin
0%
Technical University of Denmark
0%
Technical University of Munich
0%
The Hong Kong Polytechnic University
0%
The Hong Kong University of Science and Technology
0%
TU Dresden
0%
Ulm University
0%
Ulsan Nation Institute of Science and Technology
0%
Universitat Heidelberg
0%
Universite Catholique de Louvain
0%
Universite de Montreal
0%
Universite Paris-Saclay
0%
University of Aberdeen
0%
University of Antwerp
0%
101!! University of Basel
0%
University of Bologna
0%
University of Bonn
0%
University of Cape Town
0%
University of Copenhagen
0%
University of Erlangen-Nuremburg
0%
University of Freiburg
0%
University of Gottingen
0%
University of Gronginen
0%
University of Helsinki
0%
University of Lausanne
0%
University of Mannheim
0%
University of Massechusetts
0%
University of Munster
0%
University of Oslo
0%
University of Reading
0%
University of Science and Technology of China
0%
University of Texas at Austin
0%
University of Tubingen
0%
University of Vienna
0%
University of Wurzburg
0%
UNSW Sydney
0%
Unversite Paris Cite
0%
Uppsala University
0%
Utrecht University
0%
Vrjie Universiteit Amsterdam
0%
Wageningen University & Research
0%
Wuhan University
0%
Yonsei Univerisity
0%
No matching quizzes found
Score Distribution
Percent of People with Each Score
Percentile by Number Answered
Your Score History
You have not taken this quiz